01005cam a2200253u 450000100060000000300080000600500170001400800410003103500190007204000330009104100080012408200260013211000700015824501290022826000430035730000370040065000360043765000410047370000300051470000320054494200120057699900170058895201460060519486BD-RjUL20211209000435.0140224s1959 enka 000 0 eng d a(BD-RjUL)19546 aDLCcCarPdDLCdBD-RjULbeng aeng00a548.83bINT V-2 19592 aInternational Union of Crystallography. [from old catalog]95987410aInternational tables for X-ray crystallography /cEd. by john s. Kasper and Kathleen LonsdalenVolume 2pMathematical Tables aBirmingham, Eng :bKynoch Press,c1959 axviii,444p. :bdiagrs. ;c29 cm. 0aCrystallographyvTables.959871 0aCrystallographyvDiffraction92273001 a Kasper , john s.92273011 a Lonsdale, Kathleen9227302 2ddccBK c19486d19486 00102ddc40718NFICaRUCLbRUCLcReadingd1963-06-29eZeithlinger.g0.00l0o548.83 INT V-2 1959r2014-02-24 00:00:00tC-1w2014-02-24yBK